<?xml version="1.0" encoding="UTF-8"?>
<record
    xmlns:xsi="http://www.w3.org/2001/XMLSchema-instance"
    xsi:schemaLocation="http://www.loc.gov/MARC21/slim http://www.loc.gov/standards/marcxml/schema/MARC21slim.xsd"
    xmlns="http://www.loc.gov/MARC21/slim">

  <leader>00423nam a22001217a 4500</leader>
  <controlfield tag="005">20260629112401.0</controlfield>
  <datafield tag="100" ind1=" " ind2=" ">
    <subfield code="a">Ali Jan </subfield>
    <subfield code="a">19-MSM-03</subfield>
    <subfield code="a">Supervisor - Dr. Kamran Nazir Memon </subfield>
    <subfield code="9">1015</subfield>
  </datafield>
  <datafield tag="245" ind1=" " ind2=" ">
    <subfield code="a">Tank Drainage Flow of Viscous Fluid Through Circular Pipe with Uniform Reabsorption (Thesis MS)</subfield>
  </datafield>
  <datafield tag="260" ind1=" " ind2=" ">
    <subfield code="a">Nawabshah</subfield>
    <subfield code="b">QUEST</subfield>
    <subfield code="c">2025</subfield>
  </datafield>
  <datafield tag="300" ind1=" " ind2=" ">
    <subfield code="a">83p.</subfield>
  </datafield>
  <datafield tag="700" ind1=" " ind2=" ">
    <subfield code="a">Department of Mathematics and Statistics </subfield>
    <subfield code="9">1014</subfield>
  </datafield>
  <datafield tag="942" ind1=" " ind2=" ">
    <subfield code="c">THESIS</subfield>
  </datafield>
  <datafield tag="999" ind1=" " ind2=" ">
    <subfield code="c">69074</subfield>
    <subfield code="d">69071</subfield>
  </datafield>
  <datafield tag="952" ind1=" " ind2=" ">
    <subfield code="0">0</subfield>
    <subfield code="1">0</subfield>
    <subfield code="4">0</subfield>
    <subfield code="7">0</subfield>
    <subfield code="a">RESEARCH</subfield>
    <subfield code="b">RESEARCH</subfield>
    <subfield code="d">2026-06-29</subfield>
    <subfield code="l">0</subfield>
    <subfield code="p">MP/101-1505</subfield>
    <subfield code="r">2026-06-29 11:24:26</subfield>
    <subfield code="w">2026-06-29</subfield>
    <subfield code="y">THESIS</subfield>
  </datafield>
  <datafield tag="952" ind1=" " ind2=" ">
    <subfield code="0">0</subfield>
    <subfield code="1">0</subfield>
    <subfield code="4">0</subfield>
    <subfield code="7">0</subfield>
    <subfield code="a">RESEARCH</subfield>
    <subfield code="b">RESEARCH</subfield>
    <subfield code="d">2026-06-29</subfield>
    <subfield code="l">0</subfield>
    <subfield code="p">MP/101-1506</subfield>
    <subfield code="r">2026-06-29 11:24:26</subfield>
    <subfield code="w">2026-06-29</subfield>
    <subfield code="y">THESIS</subfield>
  </datafield>
</record>
